000 00877nam a22002897i 4500
003 URS
005 20220117094921.0
008 170614b xxu||||| |||| 00| 0 eng d
040 _erda
_cURSR
_beng
041 _aeng
042 _aDMLUC
050 0 0 _aPN 4500
_bR1472 1980
100 1 _aRamos, Maximo D.,
_eauthor
245 1 0 _aReading and writing the essay;
_bincluding the biography and related forms /
_cby Maximo D. Ramos [and] Florentino B. Valeros
250 _aThird Edition revised and enlarged
264 1 _aQuezon City,
_bPhoenix Pub. House,
_c[1980]
264 4 _c©1980
300 _a385 pages
_c25 cm.
336 _atext
_btxt
_2rdacontent
337 _aunmediated
_bn
_2rdamedia
338 _avolume
_bnc
_2rdacarrier
650 _aEssay.
700 _aRamos, Maximo,
_d1910-
700 _aValeros, Florentino B.
942 _2lcc
_cF
999 _c11889
_d11889